[Event "Stay Safe Play From Home 269"]
[Site "Emanuel Lasker Arena"]
[Date "2020.07.01"]
[Round "6"]
[White "The Next Contender"]
[Black "Lazieri3"]
[Result "0-1"]
[WhiteElo "1949"]
[BlackElo "2075"]
[PlyCount "52"]
[EventDate "2020.07.01"]
[EventType "swiss (blitz)"]

1. d4 {[%emt 0:00:01]} c6 {[%emt 0:00:00]} 2. c4 {[%emt 0:00:00]} d5 {[%emt 0:00:00]} 3. Nf3 {[%emt 0:00:01]} Nf6 {[%emt 0:00:01]} 4. e3 {[%emt 0:00:01]} Bf5 {[%emt 0:00:00]} 5. Be2 {[%emt 0:00:00]} e6 {[%emt 0:00:01]} 6. O-O {[%emt 0:00:00]} h6 {[%emt 0:00:01]} 7. Nc3 {[%emt 0:00:01]} Ne4 {[%emt 0:00:01]} 8. b3 {[%emt 0:00:01]} Nxc3 {[%emt 0:00:01]} 9. Qe1 {[%emt 0:00:02]} Nxe2+ {[%emt 0:00:01]} 10. Qxe2 {[%emt 0:00:00]} Nd7 {[%emt 0:00:01]} 11. Bb2 {[%emt 0:00:01]} Bd6 {[%emt 0:00:01]} 12. cxd5 {[%emt 0:00:00]} exd5 {[%emt 0:00:01]} 13. Nd2 {[%emt 0:00:01]} Qe7 {[%emt 0:00:02]} 14. f3 {[%emt 0:00:01]} Nf6 {[%emt 0:00:01]} 15. e4 {[%emt 0:00:00]} dxe4 {[%emt 0:00:01]} 16. fxe4 {[%emt 0:00:00]} Nxe4 {[%emt 0:00:01]} 17. Rxf5 {[%emt 0:00:01]} Nxd2 {[%emt 0:00:01]} 18. Qxd2 {[%emt 0:00:01]} O-O {[%emt 0:00:01]} 19. d5 {[%emt 0:00:03]} cxd5 {[%emt 0:00:04]} 20. Re1 {[%emt 0:00:06]} Bc5+ {[%emt 0:00:04]} 21. Kh1 {[%emt 0:00:01]} Qh4 {[%emt 0:00:01]} 22. Rxd5 {[%emt 0:00:02]} Rac8 {[%emt 0:00:02]} 23. Qc3 {[%emt 0:00:09]} f6 {[%emt 0:00:07]} 24. Rd7 {[%emt 0:00:06]} Bb4 {[%emt 0:00:12]} 25. Ree7 {[%emt 0:00:17]} Qg4 {[%emt 0:00:08]} 26. Qc4+ {[%emt 0:00:02]} Rxc4 {[%emt 0:00:01] Time (Lag: Av=0.68s, max=1.0s) .} 0-1

[Event "Stay Safe Play From Home 269"]
[Site "Emanuel Lasker Arena"]
[Date "2020.07.01"]
[Round "6"]
[White "Germanicus G"]
[Black "SoulofWolf"]
[Result "0-1"]
[WhiteElo "1385"]
[BlackElo "2152"]
[Annotator "NA"]
[PlyCount "50"]
[EventDate "2020.07.01"]
[EventType "swiss (blitz)"]

1. g3 {[%emt 0:00:01]} a5 {[%emt 0:00:01]} 2. Bg2 {[%emt 0:00:00]} a4 {[%emt 0:00:00]} 3. a3 {[%emt 0:00:02]} e5 {[%emt 0:00:00]} 4. c4 {[%emt 0:00:02]} Nc6 {[%emt 0:00:01]} 5. Nc3 {[%emt 0:00:01]} f5 {[%emt 0:00:00]} 6. e3 {[%emt 0:00:01]} Bc5 {[%emt 0:00:01]} 7. Nge2 {[%emt 0:00:01]} Nf6 {[%emt 0:00:01]} 8. O-O {[%emt 0:00:01]} O-O {[%emt 0:00:00]} 9. d4 {[%emt 0:00:01]} exd4 {[%emt 0:00:01]} 10. exd4 {[%emt 0:00:01]} Bb6 {[%emt 0:00:01]} 11. d5 {[%emt 0:00:02]} Ne5 {[%emt 0:00:01]} 12. Nxa4 {[%emt 0:00:04]} Nxc4 {[%emt 0:00:03]} 13. Nxb6 {[%emt 0:00:01]} Nxb6 {[%emt 0:00:00]} 14. Qb3 {[%emt 0:00:04]} d6 {[%emt 0:00:01]} 15. Nd4 {[%emt 0:00:03]} Re8 {[%emt 0:00:02]} 16. Bg5 {[%emt 0:00:03]} h6 {[%emt 0:00:03]} 17. Bxf6 {[%emt 0:00:05]} Qxf6 {[%emt 0:00:00]} 18. Nb5 {[%emt 0:00:01]} Qd8 {[%emt 0:00:12]} 19. Rac1 {[%emt 0:00:02]} Re7 {[%emt 0:00:01]} 20. Rc3 {[%emt 0:00:04]} Kh7 {[%emt 0:00:03]} 21. Rfc1 {[%emt 0:00:02]} Na4 {[%emt 0:00:02]} 22. Rxc7 {[%emt 0:00:03]} Rxc7 {[%emt 0:00:01]} 23. Nxc7 {[%emt 0:00:02]} Nc5 {[%emt 0:00:04]} 24. Qb6 {[%emt 0:00:05]} Ra6 {[%emt 0:00:03]} 25. Nxa6 {[%emt 0:00:07]} Qxb6 {[%emt 0:00:02] Zeit (Lag: Av=0.31s, max=0.8s)} 0-1

[Event "Stay Safe Play From Home 269"]
[Site "Emanuel Lasker Arena"]
[Date "2020.07.01"]
[Round "6"]
[White "Klasman"]
[Black "Trotsky"]
[Result "0-1"]
[WhiteElo "1359"]
[BlackElo "1620"]
[Annotator "NA"]
[PlyCount "58"]
[EventDate "2020.07.01"]
[EventType "swiss (blitz)"]

1. f4 {[%emt 0:00:01]} d5 {[%emt 0:00:01]} 2. Nf3 {[%emt 0:00:01]} e6 {[%emt 0:00:00]} 3. e3 {[%emt 0:00:01]} c5 {[%emt 0:00:01]} 4. d4 {[%emt 0:00:02]} Nc6 {[%emt 0:00:01]} 5. c4 {[%emt 0:00:01]} Nf6 {[%emt 0:00:01]} 6. Nc3 {[%emt 0:00:01]} a6 {[%emt 0:00:01]} 7. Bd2 {[%emt 0:00:01]} Qc7 {[%emt 0:00:01]} 8. Be2 {[%emt 0:00:02]} Bd6 {[%emt 0:00:01]} 9. cxd5 {[%emt 0:00:03]} exd5 {[%emt 0:00:01]} 10. Qb3 {[%emt 0:00:04]} c4 {[%emt 0:00:01]} 11. Qc2 {[%emt 0:00:02]} Bd7 {[%emt 0:00:01]} 12. O-O {[%emt 0:00:02]} O-O-O {[%emt 0:00:01]} 13. Ne5 {[%emt 0:00:01]} Nxe5 {[%emt 0:00:02]} 14. fxe5 {[%emt 0:00:01]} Bxe5 {[%emt 0:00:01]} 15. dxe5 {[%emt 0:00:02]} Qxe5 {[%emt 0:00:01]} 16. Rf3 {[%emt 0:00:06]} h5 {[%emt 0:00:01]} 17. Raf1 {[%emt 0:00:02]} Ng4 {[%emt 0:00:01]} 18. Rg3 {[%emt 0:00:04]} h4 {[%emt 0:00:02]} 19. Rxg4 {[%emt 0:00:02]} Bxg4 {[%emt 0:00:02]} 20. Bxg4+ {[%emt 0:00:01]} Kb8 {[%emt 0:00:02]} 21. Rf5 {[%emt 0:00:02]} Qd6 {[%emt 0:00:02]} 22. Rxd5 {[%emt 0:00:02]} Qc6 {[%emt 0:00:02]} 23. e4 {[%emt 0:00:01]} Rxd5 {[%emt 0:00:02]} 24. exd5 {[%emt 0:00:01]} Qc5+ {[%emt 0:00:01]} 25. Kh1 {[%emt 0:00:06]} g6 {[%emt 0:00:01]} 26. Bf4+ {[%emt 0:00:01]} Ka8 {[%emt 0:00:03]} 27. Ne4 {[%emt 0:00:01]} Qd4 {[%emt 0:00:01]} 28. Qd2 {[%emt 0:00:01]} Qxd2 {[%emt 0:00:01]} 29. Bxd2 {[%emt 0:00:01]} f5 {[%emt 0:00:01] Time (Lag: Av=0.33s, max=0.8s) .} 0-1

[Event "Stay Safe Play From Home 269"]
[Site "Emanuel Lasker Arena"]
[Date "2020.07.01"]
[Round "7"]
[White "Jhhonnyy"]
[Black "Haxhi Baha"]
[Result "1-0"]
[WhiteElo "2300"]
[BlackElo "2061"]
[PlyCount "119"]
[EventDate "2020.07.01"]
[EventType "swiss (blitz)"]

1. d4 {[%emt 0:00:01]} d5 {[%emt 0:00:01]} 2. c4 {[%emt 0:00:00]} e5 {[%emt 0:00:01]} 3. dxe5 {[%emt 0:00:01]} d4 {[%emt 0:00:00]} 4. Nf3 {[%emt 0:00:01]} Nc6 {[%emt 0:00:00]} 5. a3 {[%emt 0:00:00]} Nge7 {[%emt 0:00:01]} 6. b4 {[%emt 0:00:00]} Ng6 {[%emt 0:00:01]} 7. Bb2 {[%emt 0:00:01]} Qe7 {[%emt 0:00:01]} 8. g3 {[%emt 0:00:03]} Ngxe5 {[%emt 0:00:02]} 9. Nxe5 {[%emt 0:00:03]} Nxe5 {[%emt 0:00:00]} 10. Qxd4 {[%emt 0:00:01]} Nf3+ {[%emt 0:00:04]} 11. Kd1 {[%emt 0:00:00]} Nxd4 {[%emt 0:00:00]} 12. Bxd4 {[%emt 0:00:00]} Bf5 {[%emt 0:00:02]} 13. Nc3 {[%emt 0:00:01]} O-O-O {[%emt 0:00:01]} 14. e3 {[%emt 0:00:01]} Rxd4+ {[%emt 0:00:01]} 15. exd4 {[%emt 0:00:01]} Qf6 {[%emt 0:00:00]} 16. Ne2 {[%emt 0:00:02]} Bd3 {[%emt 0:00:03]} 17. Rc1 {[%emt 0:00:05]} a5 {[%emt 0:00:02]} 18. d5 {[%emt 0:00:01]} axb4 {[%emt 0:00:01]} 19. axb4 {[%emt 0:00:00]} Bxb4 {[%emt 0:00:01]} 20. Nf4 {[%emt 0:00:00]} Bxf1 {[%emt 0:00:02]} 21. Rxf1 {[%emt 0:00:00]} g5 {[%emt 0:00:00]} 22. Nd3 {[%emt 0:00:01]} Qf3+ {[%emt 0:00:01]} 23. Kc2 {[%emt 0:00:01]} Qe2+ {[%emt 0:00:00]} 24. Kb3 {[%emt 0:00:00]} Qxd3+ {[%emt 0:00:01]} 25. Kxb4 {[%emt 0:00:00]} Qd2+ {[%emt 0:00:01]} 26. Kb3 {[%emt 0:00:01]} Kd7 {[%emt 0:00:00]} 27. Rfd1 {[%emt 0:00:01]} Qxf2 {[%emt 0:00:02]} 28. Rf1 {[%emt 0:00:01]} Qe3+ {[%emt 0:00:01]} 29. Rc3 {[%emt 0:00:00]} Qe7 {[%emt 0:00:01]} 30. Rcf3 {[%emt 0:00:01]} Rf8 {[%emt 0:00:02]} 31. Rf6 {[%emt 0:00:01]} Kc8 {[%emt 0:00:01]} 32. R6f5 {[%emt 0:00:02]} b6 {[%emt 0:00:01]} 33. h4 {[%emt 0:00:02]} gxh4 {[%emt 0:00:01]} 34. gxh4 {[%emt 0:00:00]} Qxh4 {[%emt 0:00:00]} 35. R1f3 {[%emt 0:00:00]} Qd4 {[%emt 0:00:02]} 36. R5f4 {[%emt 0:00:01]} Qd1+ {[%emt 0:00:01]} 37. Kb4 {[%emt 0:00:00]} Kb7 {[%emt 0:00:00]} 38. Rf6 {[%emt 0:00:01]} Qb1+ {[%emt 0:00:01]} 39. Kc3 {[%emt 0:00:01]} Qc1+ {[%emt 0:00:01]} 40. Kb4 {[%emt 0:00:01]} Qb2+ {[%emt 0:00:01]} 41. Rb3 {[%emt 0:00:03]} Ra8 {[%emt 0:00:00]} 42. Rxb2 {[%emt 0:00:01]} Ra5 {[%emt 0:00:03]} 43. Rbf2 {[%emt 0:00:01]} Ka6 {[%emt 0:00:01]} 44. Rxf7 {[%emt 0:00:01]} c5+ {[%emt 0:00:00]} 45. dxc6 {[%emt 0:00:01]} Rc5 {[%emt 0:00:01]} 46. Ra2+ {[%emt 0:00:02]} Ra5 {[%emt 0:00:02]} 47. Rxa5+ {[%emt 0:00:01]} bxa5+ {[%emt 0:00:00]} 48. Ka4 {[%emt 0:00:00]} h5 {[%emt 0:00:02]} 49. c7 {[%emt 0:00:00]} Kb7 {[%emt 0:00:00]} 50. Rh7 {[%emt 0:00:01]} h4 {[%emt 0:00:01]} 51. Rxh4 {[%emt 0:00:01]} Kxc7 {[%emt 0:00:01]} 52. Kxa5 {[%emt 0:00:00]} Kc6 {[%emt 0:00:00]} 53. Rh5 {[%emt 0:00:00]} Kd6 {[%emt 0:00:01]} 54. Kb5 {[%emt 0:00:00]} Ke6 {[%emt 0:00:02]} 55. Rd5 {[%emt 0:00:00]} Ke7 {[%emt 0:00:01]} 56. Rd1 {[%emt 0:00:00]} Ke6 {[%emt 0:00:00]} 57. c5 {[%emt 0:00:00]} Ke7 {[%emt 0:00:00]} 58. c6 {[%emt 0:00:00]} Ke6 {[%emt 0:00:00]} 59. c7 {[%emt 0:00:00]} Ke7 {[%emt 0:00:00]} 60. c8=Q {[%emt 0:00:00] Time (Lag: Av=0.97s, max=1.7s) '} 1-0

[Event "Stay Safe Play From Home 269"]
[Site "Emanuel Lasker Arena"]
[Date "2020.07.01"]
[Round "7"]
[White "SoulofWolf"]
[Black "AChessPlayer"]
[Result "0-1"]
[WhiteElo "2153"]
[BlackElo "2451"]
[PlyCount "126"]
[EventDate "2020.07.01"]
[EventType "swiss (blitz)"]

1. c4 {[%emt 0:00:01]} Nf6 {[%emt 0:00:01]} 2. Nc3 {[%emt 0:00:00]} g6 {[%emt 0:00:00]} 3. Nf3 {[%emt 0:00:00]} Bg7 {[%emt 0:00:02]} 4. e3 {[%emt 0:00:00]} d6 {[%emt 0:00:00]} 5. g3 {[%emt 0:00:00]} O-O {[%emt 0:00:01]} 6. Bg2 {[%emt 0:00:00]} e5 {[%emt 0:00:00]} 7. O-O {[%emt 0:00:00]} Nbd7 {[%emt 0:00:00]} 8. d3 {[%emt 0:00:00]} Qe7 {[%emt 0:00:01]} 9. Qc2 {[%emt 0:00:00]} c6 {[%emt 0:00:01]} 10. b3 {[%emt 0:00:00]} d5 {[%emt 0:00:01]} 11. Bb2 {[%emt 0:00:00]} e4 {[%emt 0:00:00]} 12. dxe4 {[%emt 0:00:02]} Nxe4 {[%emt 0:00:00]} 13. Nxe4 {[%emt 0:00:02]} dxe4 {[%emt 0:00:00]} 14. Nd4 {[%emt 0:00:01]} Nc5 {[%emt 0:00:02]} 15. Rad1 {[%emt 0:00:02]} a5 {[%emt 0:00:02]} 16. Bc3 {[%emt 0:00:01]} Bg4 {[%emt 0:00:01]} 17. Rd2 {[%emt 0:00:01]} Rfd8 {[%emt 0:00:00]} 18. h3 {[%emt 0:00:01]} Be6 {[%emt 0:00:02]} 19. Rfd1 {[%emt 0:00:01]} f5 {[%emt 0:00:06]} 20. Kh2 {[%emt 0:00:01]} h5 {[%emt 0:00:02]} 21. a3 {[%emt 0:00:07]} Bf7 {[%emt 0:00:01]} 22. b4 {[%emt 0:00:01]} Nd3 {[%emt 0:00:01]} 23. bxa5 {[%emt 0:00:06]} h4 {[%emt 0:00:00]} 24. Ne2 {[%emt 0:00:05]} Nxf2 {[%emt 0:00:05]} 25. Rxd8+ {[%emt 0:00:01]} Rxd8 {[%emt 0:00:00]} 26. Rxd8+ {[%emt 0:00:00]} Qxd8 {[%emt 0:00:00]} 27. Nf4 {[%emt 0:00:01]} hxg3+ {[%emt 0:00:02]} 28. Kxg3 {[%emt 0:00:00]} Nd3 {[%emt 0:00:01]} 29. Nxd3 {[%emt 0:00:02]} exd3 {[%emt 0:00:01]} 30. Qd2 {[%emt 0:00:01]} Qd6+ {[%emt 0:00:00]} 31. Kf2 {[%emt 0:00:02]} Qxa3 {[%emt 0:00:01]} 32. Bxg7 {[%emt 0:00:01]} Kxg7 {[%emt 0:00:00]} 33. Bf1 {[%emt 0:00:00]} Bxc4 {[%emt 0:00:01]} 34. h4 {[%emt 0:00:03]} Qb3 {[%emt 0:00:01]} 35. Bg2 {[%emt 0:00:01]} Qc2 {[%emt 0:00:01]} 36. Ke1 {[%emt 0:00:01]} Qb1+ {[%emt 0:00:01]} 37. Qd1 {[%emt 0:00:01]} Qb2 {[%emt 0:00:03]} 38. Qd2 {[%emt 0:00:01]} Qa1+ {[%emt 0:00:01]} 39. Kf2 {[%emt 0:00:01]} Qa2 {[%emt 0:00:01]} 40. Qxa2 {[%emt 0:00:01]} Bxa2 {[%emt 0:00:00]} 41. Ke1 {[%emt 0:00:00]} Bc4 {[%emt 0:00:00]} 42. Kd2 {[%emt 0:00:00]} Kf6 {[%emt 0:00:00]} 43. Bf3 {[%emt 0:00:01]} Ke5 {[%emt 0:00:01]} 44. Bd1 {[%emt 0:00:01]} Ba6 {[%emt 0:00:01]} 45. Bf3 {[%emt 0:00:00]} Kf6 {[%emt 0:00:00]} 46. Bd1 {[%emt 0:00:01]} g5 {[%emt 0:00:00]} 47. hxg5+ {[%emt 0:00:00]} Kxg5 {[%emt 0:00:00]} 48. Bf3 {[%emt 0:00:00]} Kf6 {[%emt 0:00:00]} 49. Bh5 {[%emt 0:00:01]} Ke5 {[%emt 0:00:00]} 50. Bf3 {[%emt 0:00:00]} f4 {[%emt 0:00:00]} 51. e4 {[%emt 0:00:01]} Kd4 {[%emt 0:00:01]} 52. Bg2 {[%emt 0:00:01]} c5 {[%emt 0:00:00]} 53. Bf3 {[%emt 0:00:00]} c4 {[%emt 0:00:00]} 54. Kc1 {[%emt 0:00:01]} c3 {[%emt 0:00:00]} 55. Kd1 {[%emt 0:00:01]} d2 {[%emt 0:00:01]} 56. Kc2 {[%emt 0:00:01]} Bd3+ {[%emt 0:00:00]} 57. Kb3 {[%emt 0:00:00]} c2 {[%emt 0:00:01]} 58. Be2 {[%emt 0:00:00]} c1=Q {[%emt 0:00:00]} 59. Bxd3 {[%emt 0:00:00]} d1=Q+ {[%emt 0:00:01]} 60. Kb4 {[%emt 0:00:00]} Qxd3 {[%emt 0:00:00]} 61. a6 {[%emt 0:00:01]} Qcc4+ {[%emt 0:00:00]} 62. Ka5 {[%emt 0:00:01]} Qa3+ {[%emt 0:00:00]} 63. Kb6 {[%emt 0:00:00]} Qaxa6# {[%emt 0:00:01] (Lag: Av=0.55s, max=1.2s)} 0-1

[Event "Stay Safe Play From Home 269"]
[Site "Emanuel Lasker Arena"]
[Date "2020.07.01"]
[Round "7"]
[White "Bardellosport"]
[Black "Broken sword"]
[Result "0-1"]
[WhiteElo "2005"]
[BlackElo "2456"]
[PlyCount "82"]
[EventDate "2020.07.01"]
[EventType "swiss (blitz)"]

1. b3 {[%emt 0:00:01]} d5 {[%emt 0:00:01]} 2. Bb2 {[%emt 0:00:00]} c6 {[%emt 0:00:00]} 3. g3 {[%emt 0:00:01]} Nf6 {[%emt 0:00:00]} 4. Bg2 {[%emt 0:00:01]} Bg4 {[%emt 0:00:00]} 5. Nf3 {[%emt 0:00:01]} Bxf3 {[%emt 0:00:01]} 6. Bxf3 {[%emt 0:00:00]} Nbd7 {[%emt 0:00:00]} 7. d3 {[%emt 0:00:00]} e6 {[%emt 0:00:00]} 8. Nd2 {[%emt 0:00:01]} Bd6 {[%emt 0:00:00]} 9. e4 {[%emt 0:00:01]} Qe7 {[%emt 0:00:01]} 10. Qe2 {[%emt 0:00:01]} Ba3 {[%emt 0:00:01]} 11. Bxa3 {[%emt 0:00:02]} Qxa3 {[%emt 0:00:00]} 12. O-O {[%emt 0:00:00]} O-O {[%emt 0:00:01]} 13. e5 {[%emt 0:00:02]} Ne8 {[%emt 0:00:01]} 14. d4 {[%emt 0:00:00]} c5 {[%emt 0:00:01]} 15. c3 {[%emt 0:00:01]} cxd4 {[%emt 0:00:01]} 16. cxd4 {[%emt 0:00:00]} Rc8 {[%emt 0:00:01]} 17. Bg2 {[%emt 0:00:02]} Nc7 {[%emt 0:00:01]} 18. Nf3 {[%emt 0:00:01]} a6 {[%emt 0:00:01]} 19. Rfc1 {[%emt 0:00:01]} Nb5 {[%emt 0:00:01]} 20. Qd2 {[%emt 0:00:02]} Rfd8 {[%emt 0:00:02]} 21. h4 {[%emt 0:00:01]} h6 {[%emt 0:00:01]} 22. g4 {[%emt 0:00:01]} Nf8 {[%emt 0:00:01]} 23. g5 {[%emt 0:00:01]} h5 {[%emt 0:00:01]} 24. Nh2 {[%emt 0:00:03]} g6 {[%emt 0:00:01]} 25. f4 {[%emt 0:00:01]} Nd7 {[%emt 0:00:01]} 26. Bf3 {[%emt 0:00:01]} Nb8 {[%emt 0:00:01]} 27. Qe2 {[%emt 0:00:01]} Kg7 {[%emt 0:00:00]} 28. Rf1 {[%emt 0:00:01]} Nc6 {[%emt 0:00:01]} 29. Rad1 {[%emt 0:00:01]} Ncxd4 {[%emt 0:00:01]} 30. Qf2 {[%emt 0:00:01]} Nxf3+ {[%emt 0:00:01]} 31. Nxf3 {[%emt 0:00:00]} Rc3 {[%emt 0:00:02]} 32. f5 {[%emt 0:00:01]} exf5 {[%emt 0:00:01]} 33. e6 {[%emt 0:00:01]} fxe6 {[%emt 0:00:01]} 34. Ne5 {[%emt 0:00:01]} Qc5 {[%emt 0:00:01]} 35. Qxc5 {[%emt 0:00:03]} Rxc5 {[%emt 0:00:00]} 36. Nd3 {[%emt 0:00:02]} Rc3 {[%emt 0:00:01]} 37. Nf4 {[%emt 0:00:01]} Re8 {[%emt 0:00:04]} 38. Rde1 {[%emt 0:00:00]} Kf7 {[%emt 0:00:00]} 39. Re5 {[%emt 0:00:03]} Nd6 {[%emt 0:00:02]} 40. Rfe1 {[%emt 0:00:01]} Ne4 {[%emt 0:00:00]} 41. Nd3 {[%emt 0:00:02]} Rxd3 {[%emt 0:00:01] Bardellosport abbandona (Lag: Av=0.26s, max=0.6s)} 0-1

[Event "Stay Safe Play From Home 269"]
[Site "Emanuel Lasker Arena"]
[Date "2020.07.01"]
[Round "7"]
[White "The Next Contender"]
[Black "Klasman"]
[Result "1-0"]
[WhiteElo "1938"]
[BlackElo "1353"]
[Annotator "NA"]
[PlyCount "45"]
[EventDate "2020.07.01"]
[EventType "swiss (blitz)"]

1. d4 {[%emt 0:00:01]} f5 {[%emt 0:00:01]} 2. c4 {[%emt 0:00:00]} Nf6 {[%emt 0:00:02]} 3. g3 {[%emt 0:00:00]} e6 {[%emt 0:00:01]} 4. Bg2 {[%emt 0:00:00]} d5 {[%emt 0:00:01]} 5. Nf3 {[%emt 0:00:00]} c5 {[%emt 0:00:01]} 6. O-O {[%emt 0:00:00]} Nc6 {[%emt 0:00:01]} 7. cxd5 {[%emt 0:00:01]} exd5 {[%emt 0:00:02]} 8. dxc5 {[%emt 0:00:00]} Bxc5 {[%emt 0:00:02]} 9. Bg5 {[%emt 0:00:00]} O-O {[%emt 0:00:01]} 10. Nc3 {[%emt 0:00:01]} d4 {[%emt 0:00:02]} 11. Nb5 {[%emt 0:00:03]} Qb6 {[%emt 0:00:03]} 12. a4 {[%emt 0:00:03]} a6 {[%emt 0:00:01]} 13. Bxf6 {[%emt 0:00:03]} Rxf6 {[%emt 0:00:02]} 14. Qb3+ {[%emt 0:00:03]} Be6 {[%emt 0:00:05]} 15. a5 {[%emt 0:00:06]} Qxb5 {[%emt 0:00:02]} 16. Qxb5 {[%emt 0:00:01]} axb5 {[%emt 0:00:02]} 17. Rac1 {[%emt 0:00:02]} Bb4 {[%emt 0:00:03]} 18. Ng5 {[%emt 0:00:02]} Bc4 {[%emt 0:00:06]} 19. b3 {[%emt 0:00:06]} Bxe2 {[%emt 0:00:01]} 20. Bd5+ {[%emt 0:00:06]} Kf8 {[%emt 0:00:06]} 21. Rfe1 {[%emt 0:00:02]} Bxe1 {[%emt 0:00:02]} 22. Rxe1 {[%emt 0:00:00]} Bg4 {[%emt 0:00:05]} 23. Nxh7# {[%emt 0:00:01] (Lag: Av=0.64s, max=0.9s)} 1-0

[Event "Stay Safe Play From Home 269"]
[Site "Emanuel Lasker Arena"]
[Date "2020.07.01"]
[Round "7"]
[White "NeatFox"]
[Black "Germanicus G"]
[Result "1-0"]
[WhiteElo "1876"]
[BlackElo "1384"]
[Annotator "NA"]
[PlyCount "43"]
[EventDate "2020.07.01"]
[EventType "swiss (blitz)"]

1. g4 {[%emt 0:00:01]} b6 {[%emt 0:00:02]} 2. Bg2 {[%emt 0:00:00]} Nc6 {[%emt 0:00:01]} 3. b4 {[%emt 0:00:01]} d5 {[%emt 0:00:03]} 4. b5 {[%emt 0:00:00]} Ne5 {[%emt 0:00:03]} 5. Nc3 {[%emt 0:00:01]} e6 {[%emt 0:00:10]} 6. h3 {[%emt 0:00:03]} h5 {[%emt 0:00:02]} 7. Nf3 {[%emt 0:00:02]} Nxf3+ {[%emt 0:00:02]} 8. Bxf3 {[%emt 0:00:01]} hxg4 {[%emt 0:00:01]} 9. hxg4 {[%emt 0:00:00]} Rxh1+ {[%emt 0:00:02]} 10. Bxh1 {[%emt 0:00:00]} Qh4 {[%emt 0:00:03]} 11. Bf3 {[%emt 0:00:02]} Bb7 {[%emt 0:00:02]} 12. d4 {[%emt 0:00:02]} Bb4 {[%emt 0:00:03]} 13. Bd2 {[%emt 0:00:01]} Nf6 {[%emt 0:00:03]} 14. e3 {[%emt 0:00:01]} Bxc3 {[%emt 0:00:10]} 15. Bxc3 {[%emt 0:00:01]} Ne4 {[%emt 0:00:01]} 16. Bxe4 {[%emt 0:00:01]} dxe4 {[%emt 0:00:01]} 17. Kd2 {[%emt 0:00:01]} O-O-O {[%emt 0:00:03]} 18. Qe2 {[%emt 0:00:01]} f5 {[%emt 0:00:02]} 19. gxf5 {[%emt 0:00:01]} exf5 {[%emt 0:00:02]} 20. Rg1 {[%emt 0:00:02]} g5 {[%emt 0:00:01]} 21. f3 {[%emt 0:00:03]} exf3 {[%emt 0:00:02]} 22. Qe1 {[%emt 0:00:01] Zeit (Lag: Av=0.22s, max=0.4s)} 1-0

[Event "Stay Safe Play From Home 269"]
[Site "Emanuel Lasker Arena"]
[Date "2020.07.01"]
[Round "8"]
[White "Broken sword"]
[Black "SoulofWolf"]
[Result "1-0"]
[WhiteElo "2459"]
[BlackElo "2148"]
[PlyCount "79"]
[EventDate "2020.07.01"]
[EventType "swiss (blitz)"]

1. d4 {[%emt 0:00:01]} d6 {[%emt 0:00:00]} 2. Nf3 {[%emt 0:00:00]} c6 {[%emt 0:00:00]} 3. c3 {[%emt 0:00:00]} Nd7 {[%emt 0:00:00]} 4. Bg5 {[%emt 0:00:00]} h6 {[%emt 0:00:01]} 5. Bh4 {[%emt 0:00:00]} g5 {[%emt 0:00:01]} 6. Bg3 {[%emt 0:00:00]} g4 {[%emt 0:00:00]} 7. Nfd2 {[%emt 0:00:01]} f5 {[%emt 0:00:01]} 8. e3 {[%emt 0:00:01]} Ngf6 {[%emt 0:00:01]} 9. Bd3 {[%emt 0:00:00]} Bg7 {[%emt 0:00:00]} 10. Bxf5 {[%emt 0:00:01]} O-O {[%emt 0:00:01]} 11. Bxg4 {[%emt 0:00:01]} e5 {[%emt 0:00:01]} 12. Bh3 {[%emt 0:00:01]} exd4 {[%emt 0:00:01]} 13. cxd4 {[%emt 0:00:00]} d5 {[%emt 0:00:01]} 14. Nc3 {[%emt 0:00:01]} Nb6 {[%emt 0:00:01]} 15. Bxc8 {[%emt 0:00:01]} Qxc8 {[%emt 0:00:00]} 16. O-O {[%emt 0:00:01]} Qf5 {[%emt 0:00:01]} 17. Qb1 {[%emt 0:00:02]} Qg5 {[%emt 0:00:02]} 18. a4 {[%emt 0:00:01]} Rae8 {[%emt 0:00:01]} 19. Nf3 {[%emt 0:00:01]} Qg4 {[%emt 0:00:01]} 20. Ne5 {[%emt 0:00:01]} Qe6 {[%emt 0:00:01]} 21. a5 {[%emt 0:00:01]} Nc8 {[%emt 0:00:01]} 22. b4 {[%emt 0:00:02]} Nd6 {[%emt 0:00:01]} 23. b5 {[%emt 0:00:00]} Rc8 {[%emt 0:00:02]} 24. bxc6 {[%emt 0:00:01]} bxc6 {[%emt 0:00:00]} 25. Qc2 {[%emt 0:00:01]} Nfe4 {[%emt 0:00:03]} 26. Nxe4 {[%emt 0:00:01]} Nxe4 {[%emt 0:00:00]} 27. Nd3 {[%emt 0:00:01]} Bf6 {[%emt 0:00:06]} 28. Rac1 {[%emt 0:00:01]} Kh8 {[%emt 0:00:01]} 29. Qe2 {[%emt 0:00:01]} Rg8 {[%emt 0:00:01]} 30. Nc5 {[%emt 0:00:01]} Qf7 {[%emt 0:00:02]} 31. Nxe4 {[%emt 0:00:01]} dxe4 {[%emt 0:00:01]} 32. Qc4 {[%emt 0:00:01]} Qg6 {[%emt 0:00:01]} 33. Qc5 {[%emt 0:00:02]} Kh7 {[%emt 0:00:01]} 34. Qd6 {[%emt 0:00:01]} Rg7 {[%emt 0:00:00]} 35. Rxc6 {[%emt 0:00:01]} Rf8 {[%emt 0:00:01]} 36. Rfc1 {[%emt 0:00:01]} Rgf7 {[%emt 0:00:02]} 37. Qe6 {[%emt 0:00:01]} Re7 {[%emt 0:00:02]} 38. Qd5 {[%emt 0:00:02]} h5 {[%emt 0:00:01]} 39. Be5 {[%emt 0:00:02]} Bg5 {[%emt 0:00:02]} 40. Rxg6 {[%emt 0:00:01] SoulofWolf poddaje siê (Lag: Av=0.22s, max=0.3s)} 1-0